000 00251nam a2200097Ia 4500
001 765748
005 20250826165328.0
008 250824s9999 xx 000 0 und d
245 0 _aOSMANLIDA DERİN DEVLET
_cYAVUZ BAHADIROĞLU
260 _bPANAMA YAYINLARI
999 _c765748
_d765748